Movies Quiz

Random Movies or Cast Quiz

Movie Cast Match (1980) Quiz Stats

Quiz Updated Mar 1, 2016

Challenge
Share
Tweet
Embed
Score 0/40 Timer 08:00
2 Plays Today
% Correct
Star Wars: Episode V - The Empire Strikes Back
98.5%
Superman II
95.1%
The Blues Brothers
94.6%
Cheech and Chong's Next Movie
91.5%
Caddyshack
90.6%
Airplane!
90.3%
The Shining
89.6%
Nine to Five
87.8%
Smokey and the Bandit II
85.9%
The Blue Lagoon
85.8%
Private Benjamin
82%
Raging Bull
81.8%
Popeye
81.6%
American Gigolo
78.3%
Coal Miner's Daughter
78.3%
Kagemusha
78%
Xanadu
76.3%
Urban Cowboy
73.4%
Any Which Way You Can
72.6%
Stir Crazy
71.6%
% Correct
Oh, God! Book II
71.2%
The Jazz Singer
65.7%
Ordinary People
64.2%
Little Darlings
59%
The Elephant Man
58.9%
The Gods Must Be Crazy
48.9%
Brubaker
48.8%
Somewhere in Time
45.8%
Seems Like Old Times
42.4%
Dressed to Kill
42.3%
Stardust Memories
40.8%
Flash Gordon
39.2%
Altered States
38.9%
Atlantic City
38.7%
The Fog
36.8%
The Nude Bomb
36.3%
Used Cars
35.5%
My Bodyguard
34.3%
Where the Buffalo Roam
32.5%
Cruising
27.7%

You're not logged in!

Compare scores with friends on all Sporcle quizzes.
Sign Up with Email
OR
Log In

You Might Also Like...

Show Comments

Extras

Top Quizzes Today


Score Distribution

Your Account Isn't Verified!

In order to create a playlist on Sporcle, you need to verify the email address you used during registration. Go to your Sporcle Settings to finish the process.